1777 1969 1166 1811 1160 1933 1624 1844 1046 1285 1035 1529 1130 1731 1162 1315 1098 1643 1672 1792 1515 1575 1206 1546 1045 1422 1037 1079 1388 1384 1860 1490 1983 1223 1587 1486 1739 1242 1480 1197 1620 1606 1570 1825 1496 1509 1909 1315 1132 1544 1553 1822 1091 1236 1852 1096 1052 1128 1389 1582 1163 1241 1090 1962 1095 1943 1536 1940 1828 1198 1610 1151 1998 1285 1233 1271 1959 1467 1069 1272 1935 1813 1980 1097 1930 1487 1590 1201 1918 1973 1354 1548 1757 1361 1444 1991 1849 1850 1557 BCNSPRNW ULIB Ver.6.0+V

เปลี่ยนเป็นภาษาไทย

Change to English
 แสดงรายละเอียดบรรณานุกรม
  กลับหน้าหลัก

Brief Record : Get Marc (ISO 2709) : E-mail record : QR code < ปิดหน้าต่าง
LEADER : 00000nam a2200000 a 4500
001    13399115301
003     ULIB
008    010315s2547 th a 000 0 tha d
020    ^a9742880174
060 04 ^aW700^bพ239ก
100 0  ^aพรทิพย์ โรจนสุนันท์,^cคุณหญิง,^d2497-
245 10 ^aการชันสูตรศพ /^cพรทิพย์ โรจนสุนันทน์
246 13 ^aนิติเวชศาสตร์ :^bการชันสูตรศพ
250    ^aพิมพ์ครั้งที่ 2
260    ^aกรุงเทพฯ :^bภาควิชาพยาธิวิทยา,^c2547
300    ^a282 หน้า :^bภาพประกอบ ;^c26 ซม.
500    ^aชื่อเรื่องที่ปกนอก: นิติเวชศาสตร์ : การชันสูตรศพ
650  2 ^aForensic Medicine
650  2 ^aAutopsy
650  4 ^aนิติเวชศาสตร์
650  4 ^aการตรวจศพ
653    ^aOpen Your Eyes Project
710 2  ^aมหาวิทยาลัยมหิดล. ^bคณะแพทยศาสตร์โรงพยาบาลรามาธิบดี.
945    ^p280^l0^i13357
995    ^aเกษร
999 ^a ใช้งานได้ทุกระบบ
รายการนี้ยังไม่มีแท็ก
คุณยังไม่ได้ล็อกอิน คุณสามารถมีกิจกรรมร่วมกับเว็บไซต์ได้ แต่ต้องล็อกอินก่อน ::
  ล็อกอิน

รายการสื่อสารสนเทศ

ลำดับที่ ประเภท เลขเรียก/บาร์โค้ด สถานที่ สถานะ
- ไม่พบข้อมูล -

รายการใกล้เคียง
    หัวเรื่อง [Forensic Medicine]
    หัวเรื่อง [Autopsy]
    หัวเรื่อง [นิติเวชศาสตร์]
    หัวเรื่อง [การตรวจศพ]

BibComment


ยังไม่เคยถูกคอมเมนท์

คอมเมนท์ทรัพยากรรายการนี้
  คอมเมนท์: การชันสูตรศพ พร..


 Copyright 2026. Bcnsprnw @Library